The “-est” Quiz - Statistics

General Stats
  • This quiz has been taken 72 times
    42 since last reset
  • The average score is 9 of 12
Answer Stats
Hint Answer % Correct
Biggest Continent Asia
100%
Biggest Animal Blue Whale
100%
Biggest U.S. state Alaska
97%
Smallest Planet in the solar system Mercury
97%
Smallest Country Vatican City
91%
Tallest Land mammal Giraffe
85%
Tallest Building Burj Khalifa
74%
Oldest Disney movie Snow White and the Seven Dwarves
71%
Oldest Game featuring Mario Donkey Kong
59%
Oldest Sony game console PlayStation
56%
Smallest Starbucks Size Short
26%
Tallest Human ever Robert Pershing Wadlow
18%
No matching quizzes found
Score Distribution
Percent of People with Each Score
Percentile by Number Answered
Your Score History
You have not taken this quiz since the last reset